<?xml version="1.0" encoding="UTF-8"?>
<collection xmlns="http://www.loc.gov/MARC21/slim">
 <record>
  <leader>00556nam a22001575a 4500</leader>
  <controlfield tag="001">EHU.bham013756</controlfield>
  <controlfield tag="003">AR-BHAM</controlfield>
  <controlfield tag="005">20100304201454.0</controlfield>
  <controlfield tag="008">130507s1966##################000#0#####d</controlfield>
  <datafield tag="082" ind1="9" ind2="3">
   <subfield code="a">937</subfield>
  </datafield>
  <datafield tag="100" ind1="1" ind2=" ">
   <subfield code="a">Andre, Jean M.</subfield>
  </datafield>
  <datafield tag="245" ind1="1" ind2="0">
   <subfield code="a">L'otium dans la vie morale et intellectuelle romaine des origiens a l'epooque augusteenne /</subfield>
   <subfield code="c">Jean M. Andre</subfield>
  </datafield>
  <datafield tag="260" ind1=" " ind2=" ">
   <subfield code="a">Paris :</subfield>
   <subfield code="b">Presses Universitaires De France,</subfield>
   <subfield code="c">1966</subfield>
  </datafield>
  <datafield tag="300" ind1=" " ind2=" ">
   <subfield code="a">575p.</subfield>
  </datafield>
  <datafield tag="653" ind1=" " ind2=" ">
   <subfield code="a">Historia antigua-roma</subfield>
  </datafield>
  <datafield tag="859" ind1=" " ind2=" ">
   <subfield code="a">AR-BHAM</subfield>
   <subfield code="b">BIB. HUMANIDADES - Lectura de escasa demanda</subfield>
   <subfield code="h">937</subfield>
   <subfield code="i">AN25</subfield>
   <subfield code="p">89.69</subfield>
   <subfield code="t">Ej.1</subfield>
   <subfield code="v">LED604</subfield>
  </datafield>
 </record>
</collection>
